000 00893nam a2200277Ia 4500
003 OSt
005 20220930091410.0
006 a|||||r|||| 00| 0
007 ta
008 220926b |||||||| |||| 00| 0 eng d
024 _a5863
037 _cTheses
040 _aCRL
_cCRL
_beng
041 _2eng
_aeng
100 _aYadav Priyank Au.
_9545546
110 _aUniversity of Delhi. Faculty of Medical Sciences. Department of General Surgery
245 0 _aEffect of laparoscopic cholecystectomy on oesophageal alkaline reflux
260 _c2012
300 _a60
_ap.
_ccm.
650 _aSURGERY
700 _a Dr. Ajay Kumar Gu.
_9532783
700 _a Dr. Manoj Andley Gu.
700 _aUniversity of Delhi. Faculty of Medical Sciences. Department of General Surgery
942 _cDIS
_2CC
999 _c882027
_d882027